Music Quiz

Random Music or Album Quiz

RIAA Songs of the Century (1990s) Quiz Stats

 Plays Quiz Updated Jan 29, 2014

     
Support Sporcle.
Go Orange.
Score 0/23 Timer 06:00
0 Plays Today
Artist Song / Album % Correct
NirvanaSmells Like Teen Spirit
82.6%
Celine DionMy Heart Will Go On
73.6%
Whitney HoustonI Will Always Love You
73.2%
Elton JohnCandle in the Wind
70.6%
Ricky MartinLivin' La Vida Loca
69.9%
R.E.M.Losing My Religion
68.4%
Santana featuring Rob ThomasSmooth
66.1%
Tracy ChapmanFast Car
63.8%
M.C. HammerU Can't Touch This
55%
R. KellyI Believe I Can Fly
51.3%
TLCNo Scrubs
49.1%
Will SmithMen in Black
38.8%
Artist Song / Album % Correct
Garth BrooksFriends in Low Places
34.7%
Lauryn HillDoo Wop (That Thing)
33.1%
Destiny's ChildBills, Bills, Bills
30.6%
Mariah Carey & Boyz II MenOne Sweet Day
27.5%
Lee Ann WomackI Hope You Dance
26%
Bonnie RaittSomething to Talk About
24.9%
Faith HillThis Kiss
23.5%
Shania TwainYou're Still the One
19.4%
Eric ClaptonChange the World
16.4%
Dixie ChicksWide Open Spaces
16.3%
Tim McGrawPlease Remember Me
3.7%

From the Vault

Tiny Almost Useless Trivia IV

by sproutcm

This trivia is so tiny, it has to be useful for something, right?
Remove Ads.
Support Sporcle.
Get the best of Sporcle when you Go Orange. This ad-free experience offers more features, more stats, and more fun while also helping to support Sporcle. Thank you for becoming a member.

Show Comments

Extras

Top Quizzes Today


Score Distribution

Your Account Isn't Verified!

In order to create a playlist on Sporcle, you need to verify the email address you used during registration. Go to your Sporcle Settings to finish the process.

Report this User

Report this user for behavior that violates our Community Guidelines.

Details: